World fish farming : (Record no. 12783)

000 -LEADER
fixed length control field 00398cam a2200145 i 4500
020 ## - INTERNATIONAL STANDARD BOOK NUMBER
ISBN 0870552341 :
040 ## - CATALOGING SOURCE
Transcribing agency DLC
082 00 - DEWEY DECIMAL CLASSIFICATION NUMBER
Classification number 338 AVI 1997 A020 Co.
100 1# - MAIN ENTRY--AUTHOR NAME
Personal name Brown, E. Evan.
245 10 - TITLE STATEMENT
Title World fish farming :
Remainder of title cultivation and economics /
260 ## - PUBLICATION, DISTRIBUTION, ETC. (IMPRINT)
Place of publication Westport, Conn. :
Name of publisher AVI Pub. Co.,
Year of publication 1977.
300 ## - PHYSICAL DESCRIPTION
Number of Pages ix, 397 p. :
Other physical details ill. ;
Dimensions 24 cm.
650 #0 - SUBJECT ADDED ENTRY--TOPICAL TERM
Topical Term Aquaculture industry.
942 ## - ADDED ENTRY ELEMENTS (KOHA)
Koha item type សៀវភៅភាសាអង់គ្លេស
952 ## - LOCATION AND ITEM INFORMATION (KOHA)
Withdrawn status [LOCAL, KOHA] 0
Holdings
Permanent Location Date acquired Koha item type Lost status Shelving location Barcode Current Location Full call number
Library Block A2017-08-17សៀវភៅភាសាអង់គ្លេស A020A17197Library Block A338 AVI 1997 A020 Co.
មជ្ឈមណ្ឌលឯការនៃសាកលវិទ្យាល័យភូមិន្ទកសិកម្មចំការដូង

Powered by Koha